| 000 | 00487nam a2200157Ia 4500 | ||
|---|---|---|---|
| 003 | OSt | ||
| 005 | 20200629150513.0 | ||
| 008 | 190216s9999||||xx |||||||||||||| ||und|| | ||
| 040 | _coclc | ||
| 082 |
_a954.83 _bNAI/K |
||
| 100 |
_aNair, Adoor Kk Ramachandran _93274 |
||
| 245 | 0 |
_aKerala State Gazetteer / _cAdoor Kk Ramachandran Nair |
|
| 260 |
_bGovernment Of Kerala, _c1986. _aTrivandrum: |
||
| 300 | _a380p | ||
| 942 |
_cBK _2ddc _h954.83 _iNAI/K _k954.83 _mNAI/K |
||
| 999 |
_c20582 _d20582 |
||